<?xml version="1.0" encoding="UTF-8"?>
<record
    xmlns:xsi="http://www.w3.org/2001/XMLSchema-instance"
    xsi:schemaLocation="http://www.loc.gov/MARC21/slim http://www.loc.gov/standards/marcxml/schema/MARC21slim.xsd"
    xmlns="http://www.loc.gov/MARC21/slim">

  <leader>00468nam a22001457a 4500</leader>
  <datafield tag="999" ind1=" " ind2=" ">
    <subfield code="c">122364</subfield>
    <subfield code="d">122364</subfield>
  </datafield>
  <controlfield tag="005">20210526110336.0</controlfield>
  <controlfield tag="008">210526b           ||||| |||| 00| 0 eng d</controlfield>
  <datafield tag="040" ind1=" " ind2=" ">
    <subfield code="c">PK-LaUMT</subfield>
  </datafield>
  <datafield tag="082" ind1=" " ind2=" ">
    <subfield code="a">RHC 891.4397</subfield>
    <subfield code="b">ATA-T</subfield>
  </datafield>
  <datafield tag="100" ind1=" " ind2=" ">
    <subfield code="a">Ataul Haq Qasmi = &#x639;&#x637;&#x627;  &#x627;&#x644;&#x62D;&#x642; &#x642;&#x627;&#x633;&#x645;&#x6CC;</subfield>
  </datafield>
  <datafield tag="245" ind1=" " ind2=" ">
    <subfield code="a">Tajahal-i-kalmanah =  &#x62A;&#x62C;&#x627;&#x6C1;&#x644; &#x6A9;&#x627;&#x644;&#x645;&#x627;&#x646;&#x6C1;/</subfield>
    <subfield code="c">by Ataul Haq Qasmi = &#x639;&#x637;&#x627;  &#x627;&#x644;&#x62D;&#x642; &#x642;&#x627;&#x633;&#x645;&#x6CC;</subfield>
  </datafield>
  <datafield tag="260" ind1=" " ind2=" ">
    <subfield code="a">Lahore :</subfield>
    <subfield code="b">Maqbool Academy,</subfield>
    <subfield code="c">1991</subfield>
  </datafield>
  <datafield tag="300" ind1=" " ind2=" ">
    <subfield code="a">219 p.</subfield>
  </datafield>
  <datafield tag="942" ind1=" " ind2=" ">
    <subfield code="c">BK</subfield>
  </datafield>
  <datafield tag="952" ind1=" " ind2=" ">
    <subfield code="0">0</subfield>
    <subfield code="1">0</subfield>
    <subfield code="4">0</subfield>
    <subfield code="7">0</subfield>
    <subfield code="a">01</subfield>
    <subfield code="b">01</subfield>
    <subfield code="d">2021-05-26</subfield>
    <subfield code="l">0</subfield>
    <subfield code="o">RHC 891.4397 ATA-T</subfield>
    <subfield code="p">136773</subfield>
    <subfield code="r">2021-05-26 00:00:00</subfield>
    <subfield code="w">2021-05-26</subfield>
    <subfield code="y">BK</subfield>
  </datafield>
</record>
